[Event "LTU-chT"]
[Site "Lithuania"]
[Date "2015.01.25"]
[Round "2.3"]
[White "Setkauskas, Vaidas"]
[Black "Vaitonis, Vytautas"]
[Result "1/2-1/2"]
[WhiteElo "2261"]
[BlackElo "1970"]
[PlyCount "80"]
[EventDate "2015.01.24"]
[EventType "team-tourn"]
[EventRounds "7"]
[EventCountry "LTU"]
[SourceTitle "CBM 164 Extra"]
[Source "ChessBase"]
[SourceDate "2015.03.02"]
[SourceVersion "1"]
[SourceVersionDate "2015.03.02"]
[SourceQuality "1"]
[WhiteTeam "Vilnius MRU"]
[BlackTeam "Klaipeda Bokstas"]
[WhiteTeamCountry "LTU"]
[BlackTeamCountry "LTU"]

1. e4 c5 2. Nf3 d6 3. d4 cxd4 4. Nxd4 Nf6 5. Nc3 a6 6. Bg5 Nbd7 7. f4 Qc7 8. Qf3 h6 9. Bxf6 Nxf6 10. f5 e5 11. fxe6 fxe6 12. 0-0-0 Bd7 13. g3 0-0-0 14. h4 h5 15. Bh3 Re8 16. Kb1 Kb8 17. Qd3 Rh6 18. Nf3 Bc6 19. Ng5 Nd7 20. Rhf1 Nc5 21. Qe3 Rf6 22. Qd4 Be7 23. Nh7 Rg6 24. Qe3 Rh8 25. Ng5 Bxg5 26. hxg5 Qe7 27. b4 Nd7 28. Qd4 Rxg5 29. Qxd6+ Qxd6 30. Rxd6 Rxg3 31. Rd3 Rxd3 32. cxd3 Rf8 33. Rg1 Ne5 34. Rxg7 Nxd3 35. Bxe6 Rf1+ 36. Kc2 Nxb4+ 37. Kb3 Nd3 38. Bf5 Rf3 39. Rg8+ Ka7 40. Rh8 Nf4 1/2-1/2

[Event "LTU-chT"]
[Site "Lithuania"]
[Date "2015.01.24"]
[Round "1.3"]
[White "Ivanauskas, Raimundas"]
[Black "Setkauskas, Vaidas"]
[Result "0-1"]
[WhiteElo "1743"]
[BlackElo "2261"]
[PlyCount "80"]
[EventDate "2015.01.24"]
[EventType "team-tourn"]
[EventRounds "7"]
[EventCountry "LTU"]
[SourceTitle "CBM 164 Extra"]
[Source "ChessBase"]
[SourceDate "2015.03.02"]
[SourceVersion "1"]
[SourceVersionDate "2015.03.02"]
[SourceQuality "1"]
[WhiteTeam "Rokiskis"]
[BlackTeam "Vilnius MRU"]
[WhiteTeamCountry "LTU"]
[BlackTeamCountry "LTU"]

1. e4 c5 2. Nf3 d6 3. Bb5+ Bd7 4. Bxd7+ Qxd7 5. c4 g6 6. Nc3 Bg7 7. d4 cxd4 8. Nxd4 Nc6 9. Be3 Nf6 10. f3 0-0 11. 0-0 Rfc8 12. b3 Rab8 13. Rc1 a6 14. Nd5 Nxd5 15. cxd5 Nxd4 16. Rxc8+ Rxc8 17. Bxd4 Bxd4+ 18. Qxd4 Qb5 19. Qd2 Qc5+ 20. Rf2 b5 21. g3 b4 22. Kg2 Qb6 23. Qg5 Rc7 24. h4 h5 25. Qd2 Rc3 26. Qg5 Qc7 27. Qd2 Qc5 28. Qe2 a5 29. Qd2 Kg7 30. Qb2 Qe3 31. Qd2 Kf6 32. Qb2 Qd3 33. Qa1 Ke5 34. Qb2 f5 35. exf5 gxf5 36. Kh3 Qxd5 37. Qe2+ Kf6 38. Qe1 Rxf3 39. Rxf3 Qxf3 40. Qc1 f4 0-1

[Event "Vilnius op"]
[Site "Vilnius"]
[Date "2014.11.22"]
[Round "4"]
[White "Kovalev, Andrei"]
[Black "Setkauskas, Vaidas"]
[Result "1-0"]
[WhiteElo "2487"]
[BlackElo "2253"]
[PlyCount "125"]
[EventDate "2014.11.19"]
[EventType "swiss"]
[EventRounds "9"]
[EventCountry "LTU"]
[SourceTitle "CBM 163 Extra"]
[Source "ChessBase"]
[SourceDate "2014.12.23"]
[SourceVersion "1"]
[SourceVersionDate "2014.12.23"]
[SourceQuality "1"]

1. e4 g6 2. d4 Bg7 3. Nf3 d6 4. Nc3 a6 5. Be3 Nd7 6. Bc4 e6 7. a4 b6 8. 0-0 Ne7 9. Qd2 h6 10. h3 Bb7 11. Rfe1 Kf8 12. Bf1 Kg8 13. Nh2 Nf6 14. Ng4 g5 15. Nxf6+ Bxf6 16. Rad1 Ng6 17. Qe2 Qe7 18. Qh5 Kg7 19. g3 c5 20. Bg2 Rhd8 21. e5 dxe5 22. dxc5 bxc5 23. Ne4 Bxe4 24. Bxe4 Rxd1 25. Rxd1 Rd8 26. Rxd8 Qxd8 27. Bxc5 Qa5 28. b4 Qxa4 29. Bxg6 fxg6 30. Qf3 Qd7 31. c4 h5 32. Qa8 Qd1+ 33. Kg2 Bd8 34. Qb7+ Kf6 35. Bf8 Kf5 36. Qf7+ Ke4 37. Qxg6+ Kd4 38. Qxe6 Kc3 39. Qd5 Qd4 40. Qf3+ Kxc4 41. Qc6+ Kb3 42. Qxa6 Bb6 43. Qe2 e4 44. Bc5 Bxc5 45. bxc5 Qxc5 46. Qxe4 Ka2 47. Qe2+ Kb1 48. Qxh5 Qd5+ 49. Qf3 Qe5 50. g4 Ka1 51. Qa3+ Kb1 52. Qd3+ Ka1 53. Qf5 Qe7 54. h4 gxh4 55. g5 Qe1 56. Qg4 h3+ 57. Qxh3 Qe4+ 58. Qf3 Qh4 59. Qf6+ Kb1 60. Qf5+ Kb2 61. g6 Qd4 62. Qg5 Qe4+ 63. Kh2 1-0

[Event "Vilnius op"]
[Site "Vilnius"]
[Date "2014.11.22"]
[Round "5"]
[White "Setkauskas, Vaidas"]
[Black "Kazakouski, Valery"]
[Result "1/2-1/2"]
[WhiteElo "2253"]
[BlackElo "2216"]
[PlyCount "64"]
[EventDate "2014.11.19"]
[EventType "swiss"]
[EventRounds "9"]
[EventCountry "LTU"]
[SourceTitle "CBM 163 Extra"]
[Source "ChessBase"]
[SourceDate "2014.12.23"]
[SourceVersion "1"]
[SourceVersionDate "2014.12.23"]
[SourceQuality "1"]

1. e4 e5 2. Nf3 Nc6 3. Bb5 a6 4. Ba4 Nf6 5. 0-0 Be7 6. Re1 b5 7. Bb3 0-0 8. a4 Bb7 9. d3 d6 10. Nbd2 Re8 11. Nf1 h6 12. Ne3 Bf8 13. h3 Qd7 14. Bd2 Ne7 15. c3 Ng6 16. Nd5 Nxd5 17. exd5 c6 18. dxc6 Bxc6 19. d4 Qb7 20. axb5 axb5 21. Rxa8 Qxa8 22. Be3 Qb7 23. dxe5 dxe5 24. Qe2 Ra8 25. Rd1 Be7 26. Ne1 Bg5 27. Bxg5 hxg5 28. Qh5 Nf4 29. Qxg5 Bxg2 30. Rd8+ Rxd8 31. Qxd8+ Kh7 32. Qh4+ Kg8 1/2-1/2